000 00613nam a22001935i 4500
001 168531
003 ES-MaACL
005 20230906213820.0
008 080417s1973 sp |||| | spa d
080 _a929 Miasoiédov, Serguei Nikolaievich(0:884-3)
100 1 _aMacKiewicz, Josep.
_9137612
245 1 3 _aEl coronel /
_cJosep Mackiewicz ; [versión Manuel Picos].
250 _a1ª ed.
260 _aBarcelona :
_bLuis de Caralt,
_c1973.
300 _a510 p. ;
_c20 cm.
600 1 4 _aMiasoiédov, Serguei Nikolaievich.
_9137613
700 1 _aPicos, Manuel.
_991881
852 _aES-MaACL
_jC-54078
_9R.87029
999 _c168531
_d168531